Statistiques concernant Voc allemand - Métier

Cliquez ici pour prendre le quiz!

Statistiques générales

  • Ce quiz a été pris 13 fois
  • Le résultat moyen est 17 sur 89

Statistiques - réponses

HintRéponse% Correct
Der Beruf, -eLe métier
92%
WerdenDevenir
77%
Die Arbeit, -en / Der Job, -sLe travail
77%
KönnenSavoir / pouvoir
77%
Sich beschäftigen / Sich kümmernS'occuper de
77%
FertigFini / Prêt
54%
Sich verbessernS'améliorer
54%
Das Praktikum, PraktikaLe stage
46%
Der Praktikant, -enLe stagiaire
46%
Die Erfahrung, -enL'expérience
46%
Die HilfeL'aide
38%
Die Verbesserung, -enL'amélioration
38%
Der VorteilL'avantage
38%
Der Meister / Der Chef, -sLe patron
38%
Helfen / ÜnterstützenAider
31%
NützenEtre utile / servir
31%
TunFaire / Agir
31%
Der Angestellte, -nL'employé
31%
Der ArbeitgeberL'employeur
31%
Der Erfolg, -eLe succès
31%
Der UrlaubLes vacances
31%
Der Nachteil, -eL'inconvénient
31%
Leiten / FührenDiriger
23%
VersuchenEssayer
23%
ErfahrenExpérimenté
23%
AusbildenFormer
23%
Die Ausbildung, -enLa formation
23%
Der Lehrling, -eL'apprenti
23%
Die LehreL'apprentissage
23%
Der HandwerkerL'artisan
23%
Das Ergebnis, -seLe résultat
23%
Der Versuch, -eL'essai
23%
Der ArbeiterL'ouvrier
23%
NützlichUtile
23%
AufgebenAbandonner
15%
BerufstätigActif
15%
LeistenBien travailler / Produire
15%
StörenDéranger
15%
HindernEmpêcher
15%
GemeinsamEnsemble
15%
Die VerantwortungLa responsabilité
15%
Der Misserfolg, -eL'échec
15%
Der Arbeitslose, -nLe chômeur
15%
Der Dienst, -eLe service
15%
Der Fachmann, ¨-erLe spécialiste
15%
Die Überstunde, -nL'heure supplémentaire
15%
Schaffen / Gelingen / KlappenRéussir
15%
(sich) Vorbereiten(se) Préparer
15%
FleissigAppliqué
8%
ErreichenAtteindre / joindre
8%
Die ZusammenarbeitLa collaboration
8%
Der Streik, -sLa grève
8%
Die Mühe, -nLa peine
8%
Die Stelle, -n / Die Stellung, -enL'emploi
8%
Der ArbeitnehmerLe salarié
8%
EinanderL'un l'autre
8%
NötigNécessaire
8%
NachlässigNégligent
8%
FaulParesseux
8%
AnbietenProposer
8%
Sich BeeilenSe dépêcher
8%
Sich bemühen / AnstrengenSe donner de la peine / S'appliquer
8%
TüchtigTravailleur / capable
8%
Sich lohnenValoir la peine
8%
EhrgeizigAmbitieux
0%
SelbstständigA son compte
0%
GewissenhaftConsciencieux
0%
KündigenDonner congé
0%
MisslingenEchouer
0%
BeschäftigenEmployer
0%
EinstellenEngager
0%
VergeblichEn vain
0%
StreikenEtre en grève
0%
Geeignet seinEtre qualifié
0%
ZuverlässigFiable
0%
ErledigenFinir / Régler
0%
BehindernGêner
0%
NotwendigIndispensable
0%
Die Bewerbung, -enLa candidature
0%
Die Leistung, -enLa performance / le rendement
0%
Die ErholungLe repos
0%
Die Gewerkschaft, -enLe syndicat
0%
SorgfältigMinutieux
0%
SchadenNuire
0%
Sich bewerbenPoser sa candidature
0%
UmsonstPour rien
0%
VertretenRemplacer
0%
EntlassenRenvoyer
0%
Sich ausruhen / Sich erholenSe reposer
0%

Distribution des résultats

Percentile par nombre de réponses

% des personnes avec chaque résultat

Votre développement - résultats

Vous n’avez pas pris ce quiz